Largest Ceremonial counties of England - Statistics

General Stats
  • This quiz has been taken 35 times
  • The average score is 9 of 12
Answer Stats
Position Answer % Correct
Largest Yorkshire
94%
5 Northumberland
90%
3 Devon
87%
4 Norfolk
87%
12 Suffolk
87%
11 Cumberland
84%
9 Kent
84%
6 Lancashire
71%
2 Lincolnshire
71%
10 Essex
68%
8 Hampshire
61%
7 Somerset
58%
No matching quizzes found
Score Distribution
Percent of People with Each Score
Percentile by Number Answered
Your Score History
You have not taken this quiz